000 01094nam a2200277 a 4500
001 51026
003 BD-RjUL
005 20211209075611.0
008 160828r19661950enk 000 0 eng c
035 _a(BD-RjUL)51146
040 _aOUN
_cOUN
_dEQO
_dBD-RjUL
_beng
041 _aeng
082 _a510.822
_bNEF 1966
090 _aQA242
_b.N49x
100 1 _aNeville, Eric Harold,
_d1889-1961.
_9152667
245 1 4 _aThe Farey series of order 1025 displaying solutions of the Diophantine equation bx - ay = I /
_cdesigned and compiled by E. H. Neville.
260 _aCambridge :
_bPublished for the Royal Society at the University Press,
_c1950 [Reprinted 1966]
300 _axxvii, 405 p. ;
_c29 cm.
490 1 _aRoyal Society mathematical tables ;
_vv. 1
500 _aThe Royal Society auxiliary mathematical tables. I. The numbers 1-1049 factorized completely are laid in.
650 0 _aNumber theory.
_9152668
650 0 _aDiophantine analysis.
_9152245
650 0 _aMathematics
_vTables.
_9152669
830 0 _aRoyal Society mathematical tables ;
_vv. 1
_9152584
942 _2ddc
_cBK
999 _c51026
_d51026